[Event "Seefeld op"]
[Site "Seefeld"]
[Date "1996.??.??"]
[Round "?"]
[White "Mandel, Andreas"]
[Black "Siegmund, Rainer"]
[Result "1/2-1/2"]
[WhiteElo "2365"]
[BlackElo "2190"]

1.d4 Nf6 2.Nf3 e6 3.c4 Bb4+ 4.Bd2 Qe7 5.g3 Nc6 6.Nc3 b6 7.Bg2 Bb7 8.O-O O-O
9.Qc2 Bxc3 10.Bxc3 Nb4 11.Qa4 a5 12.a3 Na6 13.Rfd1 Ne4 14.Qc2 Nxc3 15.Qxc3 Be4
16.Rac1 d6 17.Qe3 Bb7 18.Qc3 Be4 19.Qe3 Bb7 20.Rb1 Ra7 21.Ra1 a4 22.Rac1 h6
23.h4 Rd8 24.Qd3 Nb8 25.e4 Nd7 26.Re1 e5 27.d5 Nc5 28.Qe3 Bc8 29.Nd2 Rf8
30.Rc3 Rb7 31.Bf1 Bd7 32.h5 f5 33.exf5 Bxf5 34.f4 Nd7 35.Be2 Qf6 36.Nf3 exf4
37.Qxf4 Nc5 38.Bf1 Rbb8 39.Nd4 Bd7 40.Qxf6 Rxf6 41.Bd3 Re8 42.Rxe8+ Bxe8
43.Be2  1/2-1/2

[Event "Seefeld op"]
[Site "Seefeld"]
[Date "1996.??.??"]
[Round "?"]
[White "Burmakin, Vladimir"]
[Black "Loginov, Valery A"]
[Result "0-1"]
[WhiteElo "2505"]
[BlackElo "2525"]

1.d4 Nf6 2.Nf3 e6 3.c4 Bb4+ 4.Bd2 Qe7 5.Nc3 b6 6.Qc2 Bb7 7.e3 c5 8.a3 Bxc3
9.Bxc3 d6 10.Be2 Nbd7 11.O-O O-O 12.b4 Ne4 13.Bb2 Ng5 14.Nd2 f5 15.f4 Ne4
16.Rad1 Ndf6 17.Bf3 cxb4 18.axb4 Rfc8 19.Nxe4 Bxe4 20.Qb3 b5 21.c5 Bd5 22.Bxd5 exd5
23.Ra1 a6 24.Ra3 Rc6 25.Rfa1 Kf7 26.Ra5 Qe4 27.Bc1 Nh5 28.Qd1 Nf6 29.Rxb5 axb5
30.Rxa8 Qb1 31.Ra7+ Ke6 32.Qe1 g6 33.h3 Rc8 34.Kh2 Rd8 35.Bd2 Qd3 36.Qc1 Rd7
37.Ra3 Qe2 38.Qe1 Qc4 39.Qd1 Ne4 40.Be1 h6 41.Ra1 Qf1 42.Ra2 Nc3 43.Rf2 Qxf2
44.Bxc3 Qxe3 45.Bd2 Qxd4 46.Qc1 dxc5 47.bxc5 Ra7 48.Qe1+ Kf7 49.c6 Ra1 50.Qe2 Qg1+
51.Kg3 Ra3+ 52.Kh4 Qd4  0-1

[Event "Seefeld op"]
[Site "Seefeld"]
[Date "1996.??.??"]
[Round "?"]
[White "Schulz, Rainer"]
[Black "Schuetzhold, Frank"]
[Result "1-0"]
[WhiteElo "2255"]
[BlackElo "2195"]

1.d4 Nf6 2.Nf3 e6 3.c4 Bb4+ 4.Bd2 a5 5.g3 b6 6.Bg2 Bb7 7.O-O Bxd2 8.Nbxd2 d6
9.Qa4+ Nbd7 10.Rfd1 O-O 11.Rac1 Qe7 12.Ne1 Bxg2 13.Nxg2 c5 14.Nf3 Rfd8 15.Ne3 Rac8
16.Qa3 Nb8 17.Qb3 Qc7 18.d5 e5 19.Kg2 h5 20.Rf1 g6 21.Nh4 Nbd7 22.Nd1 Nf8
23.Qf3 N6h7 24.e4 Re8 25.Qe3 f6 26.Qh6 Qg7 27.Qxg7+ Kxg7 28.Nc3 Rc7 29.Rce1 Ree7
30.f4 Red7 31.Re3 Rc8 32.Re2 Rb8 33.Ref2 Rbb7 34.h3 Rb8 35.Kf3 Re8 36.Re2 Rb8
37.Ke3 Re8 38.Kd3 Ra8 39.Ref2 Rb8 40.Kc2 Ra7 41.Kb3 Re7 42.Rg1 Kf7 43.Nf3 Ke8
44.h4 Rg7 45.Rgf1 Nd7 46.Nb5 Ke7 47.Na7 Rf8 48.fxe5 fxe5 49.Ng5 Rxf2 50.Rxf2 Nxg5
51.hxg5 Kd8 52.Ka4 Rh7 53.Kb5 Kc7 54.Nc6 Rg7 55.a3 Rh7 56.b4 axb4 57.axb4 h4
58.gxh4 Rxh4 59.Ra2 Rxe4 60.Ra7+ Kc8 61.bxc5 bxc5 62.Ne7+ Kd8 63.Nxg6 Rg4
64.Kc6 Nb8+ 65.Kxd6 Rxg5 66.Nxe5 Rh5 67.Nc6+  1-0

[Event "SLO-ch (Women)"]
[Site "SLO"]
[Date "1996.??.??"]
[Round "?"]
[White "Stumberger, Tania"]
[Black "Maric, Katarina"]
[Result "1/2-1/2"]
[WhiteElo "2070"]
[BlackElo "2010"]

1.d4 Nf6 2.c4 e6 3.Nf3 Bb4+ 4.Bd2 Qe7 5.g3 d5 6.Bg2 O-O 7.O-O a5 8.a3 Bxd2
9.Nbxd2 Nc6 10.Qc2 Rd8 11.e3 Bd7 12.Rac1 Be8 13.h3 Qd6 14.Rfd1 Rab8 15.e4 dxe4
16.Nxe4 Nxe4 17.Qxe4 Ne7 18.Ng5 Ng6 19.Qe3 Qb6 20.Rd2 Bc6 21.c5 Qa6 22.Bf1 Bb5
23.Bg2 Bc6 24.Bf1 Bb5 25.Bxb5 Qxb5 26.Qf3 Rf8 27.Re1 h6 28.Ne4 Qc6 29.Qd3 Rfd8
30.Qc2 Ne7 31.Nc3 Nd5 32.Nxd5 Rxd5 33.Re5 Rbd8 34.Rxd5 Rxd5 35.Qc3 Qa6 36.Kg2  1/2-1/2

[Event "SLO-chT sf"]
[Site "SLO"]
[Date "1996.??.??"]
[Round "1"]
[White "Stupica, Janesz"]
[Black "Lagudin, V."]
[Result "1-0"]
[WhiteElo "2305"]
[BlackElo "2095"]

1.d4 Nf6 2.Nf3 e6 3.c4 Bb4+ 4.Bd2 Qe7 5.g3 b6 6.Bg2 Bb7 7.O-O Bxd2 8.Qxd2 O-O
9.Nc3 Ne4 10.Nxe4 Bxe4 11.Qf4 d5 12.cxd5 exd5 13.Rac1 c5 14.dxc5 bxc5 15.Qe3 Na6
16.Nd2 Rfe8 17.Nxe4 dxe4 18.Rc4 f5 19.g4 Qe6 20.b3 g6 21.gxf5 gxf5 22.Bh3 Qf6
23.Qf4 Re5 24.Rfc1 Kh8 25.R1c3 Rg8+ 26.Rg3 Rg6 27.Ra4 Rd5 28.Kg2 Rg7 29.Rxe4 Rxg3+
30.hxg3 Qg6 31.Re7  1-0

[Event "Sochi"]
[Site "Sochi"]
[Date "1996.??.??"]
[Round "?"]
[White "Koniushkov, Igor"]
[Black "Kholmov, Ratmir D"]
[Result "1/2-1/2"]
[WhiteElo "2280"]
[BlackElo "2495"]

1.d4 Nf6 2.c4 e6 3.Nf3 Bb4+ 4.Bd2 Bxd2+ 5.Qxd2 d5 6.Nc3 O-O 7.e3 Qe7 8.Be2 dxc4
9.Bxc4 c5 10.O-O Rd8 11.Qe2 Nbd7 12.Rfd1  1/2-1/2

[Event "Sochi"]
[Site "Sochi"]
[Date "1996.??.??"]
[Round "?"]
[White "Koniushkov, Igor"]
[Black "Zhidkov, Valery S"]
[Result "1-0"]
[WhiteElo "2280"]
[BlackElo "2385"]

1.d4 Nf6 2.c4 e6 3.Nf3 Bb4+ 4.Bd2 Qe7 5.g3 Nc6 6.Bg2 Bxd2+ 7.Nbxd2 d6 8.e4 e5
9.d5 Nb8 10.O-O O-O 11.Ne1 a5 12.Nd3 Na6 13.f4 Nd7 14.a3 Nac5 15.Nxc5 Nxc5
16.b4 Nd7 17.Nb3 b6 18.bxa5 bxa5 19.Qd2 a4 20.Na5 Nc5 21.fxe5 Qxe5 22.Nc6 Nb3
23.Qf2 Qxa1 24.Rxa1 Nxa1 25.c5 Nb3 26.cxd6 cxd6 27.Qf4 f6 28.Qxd6 Bg4 29.e5 fxe5
30.Qxe5 Nd2 31.Qe3 Nf3+ 32.Bxf3 Bxf3 33.Qe6+ Kh8 34.Ne5 Bh5 35.d6 Rab8 36.d7 Rb1+
37.Kg2 Rd1 38.Qe7 Kg8 39.g4 Bg6 40.Kg3 Rg1+ 41.Kh4 Rd1 42.Nc6  1-0

[Event "Sochi"]
[Site "Sochi"]
[Date "1996.??.??"]
[Round "?"]
[White "Panchenko, Alexander N"]
[Black "Zhidkov, Valery S"]
[Result "1/2-1/2"]
[WhiteElo "2465"]
[BlackElo "2385"]

1.d4 Nf6 2.c4 e6 3.Nf3 Bb4+ 4.Bd2 Qe7 5.e3 b6 6.Bd3 Bb7 7.O-O Bxd2 8.Nbxd2 c5
9.e4 d6 10.d5 O-O 11.Re1  1/2-1/2

[Event "BUL-ch"]
[Site "Sofia"]
[Date "1996.??.??"]
[Round "5"]
[White "Kolev, Atanas"]
[Black "Inkiov, Ventzislav"]
[Result "1/2-1/2"]
[WhiteElo "2520"]
[BlackElo "2505"]

1.d4 Nf6 2.Nf3 e6 3.c4 Bb4+ 4.Bd2 Qe7 5.g3 Bxd2+ 6.Nbxd2 d6 7.Bg2 O-O 8.O-O e5
9.dxe5 dxe5 10.e4 Nc6  1/2-1/2

[Event "Solymar op"]
[Site "Solymar"]
[Date "1996.??.??"]
[Round "?"]
[White "Peter, Ambrus"]
[Black "Horvath, Jozsef"]
[Result "1-0"]
[WhiteElo "2415"]
[BlackElo "2505"]

1.d4 Nf6 2.c4 e6 3.Nf3 Bb4+ 4.Bd2 Qe7 5.g3 Nc6 6.Bg2 Bxd2+ 7.Nbxd2 d6 8.O-O a5
9.e4 e5 10.d5 Nb8 11.Ne1 Na6 12.Nd3 O-O 13.a3 c6 14.b4 axb4 15.axb4 Bg4 16.f3 Bd7
17.Qb3 cxd5 18.cxd5 Bb5 19.Nc4 Nc7 20.Na5 Ba6 21.Rfc1 Nb5 22.Qd1 Qd8 23.Kh1 Qb6
24.f4 exf4 25.gxf4 Qd4 26.Rc4 Qb6 27.e5 Nd7 28.Qg4 f5 29.Qg3 Nd4 30.Re1 Bxc4
31.Nxc4 Qc7 32.Nxd6 Ra3 33.Rc1 Rc3 34.Qe3 Ra8 35.Rd1 Nc2 36.Qh3 Nd4 37.Nxf5 Nxf5
38.Qxf5 Kh8  1-0

[Event "Zhukov mem"]
[Site "Spasskoe"]
[Date "1996.??.??"]
[Round "2"]
[White "Savon, Vladimir A"]
[Black "Aleksandrov, Aleksej"]
[Result "0-1"]
[WhiteElo "2435"]
[BlackElo "2535"]

1.d4 Nf6 2.Nf3 e6 3.c4 Bb4+ 4.Bd2 a5 5.g3 d5 6.Qc2 c6 7.Bg2 b6 8.b3 Nbd7
9.O-O O-O 10.Bc3 Qe7 11.Bb2 Bb7 12.a3 Bd6 13.Nc3 Ba6 14.e4 Nxe4 15.Nxe4 dxe4
16.Qxe4 a4 17.Nd2 c5 18.bxa4 cxd4 19.Bxd4 Rac8 20.Qe3 Bc5 21.Rfb1 Rfd8 22.Bxc5 Qxc5
23.Qxc5 Nxc5 24.Ra2 Rd6 25.Rc2 Ne4 26.Bf1 Bb7 27.Rb4 Nc5 28.Rcb2 Nd7 29.Bg2 Bxg2
30.Kxg2 h6 31.Ne4 Rd8 32.Rd2 Rxd2 33.Nxd2 Kf8  0-1

[Event "RUS-Cup1 Chigorin mem"]
[Site "St Petersburg"]
[Date "1996.??.??"]
[Round "1"]
[White "Aseev, Konstantin N"]
[Black "Kiik, Kalle"]
[Result "1-0"]
[WhiteElo "2560"]
[BlackElo "2370"]

1.d4 Nf6 2.c4 e6 3.Nf3 Bb4+ 4.Bd2 Qe7 5.Nc3 d5 6.a3 Bxc3 7.Bxc3 a5 8.b3 Ne4
9.Bb2 O-O 10.e3 Nd7 11.Bd3 f5 12.O-O a4 13.Rc1 c6 14.b4 Rf6 15.Ne5 Rh6 16.g3 Nxe5
17.dxe5 Bd7 18.f3 Ng5 19.Rc2 Nh3+ 20.Kh1 Rd8 21.Rd2 Be8 22.Bd4 g5 23.cxd5 cxd5
24.Rc2 f4 25.exf4 gxf4 26.Bb6 Ra8 27.Qc1 Rh5 28.Rc7 Qg5 29.g4 Rh6 30.Rc8 Rxc8
31.Qxc8 Kf7 32.Qxb7+ Qe7 33.Qxe7+ Kxe7 34.Rc1 Ng5 35.Rc7+ Kf8 36.Bc5+ Kg8
37.Kg2 Rh3 38.Be2 h5 39.Be7  1-0

[Event "Petrov mem"]
[Site "St Petersburg"]
[Date "1996.??.??"]
[Round "1"]
[White "Savchenko, Stanislav"]
[Black "Kiik, Kalle"]
[Result "1-0"]
[WhiteElo "2585"]
[BlackElo "2385"]

1.d4 Nf6 2.c4 e6 3.Nf3 Bb4+ 4.Bd2 Qe7 5.g3 Nc6 6.Nc3 d5 7.a3 Bxc3 8.Bxc3 a5
9.b3 O-O 10.Bg2 Rd8 11.O-O dxc4 12.bxc4 e5 13.d5 Bg4 14.Qb1 Bxf3 15.Bxf3 Nd4
16.Bxd4 exd4 17.Qxb7 Ne4 18.Bxe4 Qxe4 19.Rad1 c5 20.dxc6 Rac8 21.Rd3 Qxc6
22.Qxc6 Rxc6 23.Rc1 Rdd6 24.c5 Rd5 25.Rc4 h5 26.Rdxd4 Rxd4 27.Rxd4 Rxc5 28.Kg2 g6
29.Kf3 Rc3+ 30.Rd3 Rc2 31.e3 Ra2 32.h3 Kf8 33.g4 hxg4+ 34.hxg4 Ke7 35.g5 Ke6
36.Kg3 Ke5 37.Rc3 Kd5 38.f3 Ra1 39.Kf4 Ra2 40.Rc7 Ke6 41.Rc6+ Ke7 42.Rc3 Kd6
43.Ke4 Ra1 44.f4 Ra2 45.Kd4 Rd2+ 46.Kc4 Kc6 47.Rd3 Rb2 48.Rd8 Rb7 49.e4 Rb1
50.Rf8 Rb7 51.e5 Rd7 52.Rc8+ Kb7 53.Rc5 Kb6 54.Rb5+ Ka6 55.Rd5  1-0

[Event "RUS-Cup1 Chigorin mem"]
[Site "St Petersburg"]
[Date "1996.??.??"]
[Round "2"]
[White "Timoshenko, Georgy"]
[Black "Chepukaitis, Genrikh"]
[Result "0-1"]
[WhiteElo "2510"]
[BlackElo "2310"]

1.d4 Nf6 2.c4 e6 3.Nf3 Bb4+ 4.Bd2 Qe7 5.e3 b6 6.Bd3 Bb7 7.a3 Bxd2+ 8.Nbxd2 d6
9.O-O Nbd7 10.e4 e5 11.d5 g6 12.g3 Bc8 13.Bc2 O-O 14.Nh4 Nh5 15.Ng2 Ndf6
16.Qe2 Bh3 17.Rae1 Rac8 18.f4 c6 19.Bd3 Rfe8 20.Kh1 Qd7 21.fxe5 Rxe5 22.Nf3 Re7
23.Qd2 Ng4 24.Ng5 Ne5 25.Be2 Bxg2+ 26.Kxg2 Ng7 27.b3 cxd5 28.exd5 f5 29.h4 h5
30.Nh3 Ne8 31.Qg5 Rg7 32.a4 Qe7 33.Qe3 Nf6 34.Ng5 Qe8 35.Ne6 Re7 36.Bf3 Nfd7
37.Qg5 Kh7 38.Re3 Nc5 39.Nf4 Qf7 40.Rfe1 Rce8 41.R1e2 Rg8 42.Nh3 a5 43.Qf4 Qf6
44.Ng5+ Kg7 45.Ne6+ Rxe6 46.Bxh5 Ree8 47.Bf3 Ned3 48.Qg5 Qxg5 49.hxg5 Rxe3
50.Rxe3 Kf7 51.Bd1 Re8 52.Kf3 Re5 53.Ke2 Nb4 54.Kf3 Ncd3 55.Be2 Ne1+ 56.Kf2 Nec2
57.Rc3 Nd4 58.Bd1 Re4 59.Re3 Kg7 60.Rc3 f4 61.g4 Re5  0-1

[Event "RUS-Cup1 Chigorin mem"]
[Site "St Petersburg"]
[Date "1996.??.??"]
[Round "3"]
[White "Tunik, Gennady"]
[Black "Loginov, Valery A"]
[Result "1/2-1/2"]
[WhiteElo "2440"]
[BlackElo "2525"]

1.d4 Nf6 2.c4 e6 3.Nf3 Bb4+ 4.Bd2 Qe7 5.g3 Nc6 6.Nc3 Bxc3 7.Bxc3 Ne4 8.Qc2 Nxc3
9.Qxc3 Qb4 10.Qxb4 Nxb4 11.Kd2 c5 12.dxc5 Na6 13.Bg2 Nxc5 14.Nd4 a5 15.Rhd1 Ke7
16.Ke1 d6 17.Rd2 Bd7 18.b3 Rhd8 19.Rc1  1/2-1/2

[Event "Rudenko mem"]
[Site "St Petersburg"]
[Date "1996.??.??"]
[Round "4"]
[White "Dubinka, Inna"]
[Black "Aseeva, Marina"]
[Result "1/2-1/2"]
[WhiteElo "2235"]
[BlackElo "2075"]

1.d4 Nf6 2.c4 e6 3.Nf3 Bb4+ 4.Bd2 Qe7 5.Nc3 Bxc3 6.Bxc3 Ne4 7.Qc2 Nxc3 8.Qxc3 O-O
9.e4 d6 10.Bd3 Nc6 11.e5 dxe5 12.dxe5 Qb4 13.Qxb4 Nxb4 14.Be4 f5 15.Bb1 c5
16.a3 Nc6 17.Bc2 Rd8 18.O-O b6 19.Rfd1 Ba6 20.Ba4 Nd4 21.Nxd4 Rxd4 22.Rxd4 cxd4
23.b3 Kf7 24.Rd1 Rd8 25.Bc6 Rc8 26.Ba4 Rd8 27.f3 g5 28.Kf2 Bb7 29.b4 d3 30.h4 h6
31.hxg5 hxg5 32.Ke3 f4+ 33.Kd2 g4 34.Kc3 gxf3 35.gxf3 Kg6 36.Rxd3 Rxd3+ 37.Kxd3 Kf5
38.Kd4 Bxf3 39.c5 bxc5+ 40.bxc5 Be2 41.c6 f3 42.c7 Ba6 43.Bb5 Bc8 44.a4 f2
45.a5 Kf4 46.Bd3 Bb7 47.Bf1 Bc8  1/2-1/2

[Event "Petrov mem"]
[Site "St Petersburg"]
[Date "1996.??.??"]
[Round "7"]
[White "Rustemov, Alexander"]
[Black "Aleksandrov, Aleksej"]
[Result "1/2-1/2"]
[WhiteElo "2495"]
[BlackElo "2535"]

1.d4 Nf6 2.c4 e6 3.Nf3 Bb4+ 4.Bd2 a5 5.Qc2 d5 6.e3 O-O 7.Nc3 b6 8.Bd3 dxc4
9.Bxc4 Bb7 10.a3 Bxc3 11.bxc3 Nbd7 12.O-O Qe7 13.Rfe1 Ne4 14.Bb5 Rad8 15.a4 Qf6
16.Bc1 Nd6 17.e4 Qe7 18.Bd3 e5 19.Bg5 f6 20.Bh4 Kh8 21.Rad1 Rfe8 22.h3 Ra8
23.dxe5 Nxe5 24.Nxe5 Qxe5 25.Bg3 Qh5 26.f3 Rad8 27.Bf1 Bc6 28.Rd4 Rd7 29.Red1 Red8
30.R1d2 Qe8 31.Qd1 Qe7 32.Ba6 h6 33.Kh2 Nf7 34.Bc4 Ne5 35.Ba2 Rxd4 36.cxd4 Qb4
37.Bf4 Ng6 38.Bxc7 Rd7 39.Bg3 Bxa4 40.Qc1 Kh7 41.Qc8 Ne7 42.Qc1 Rxd4 43.Rxd4 Qxd4
44.Qc7 Nc6 45.Qf7 Qd8 46.Bc7 Qa8 47.Bd5 Qc8 48.Be6 Qa8 49.Bd5 Qc8 50.f4 Nb4
51.Be6 Qe8 52.Bxb6 Qxf7 53.Bxf7 Nd3 54.g3 Bc6 55.Bd5 Nb4 56.Bxa5  1/2-1/2

[Event "Petrov mem"]
[Site "St Petersburg"]
[Date "1996.??.??"]
[Round "7"]
[White "Savchenko, Stanislav"]
[Black "Loginov, Valery A"]
[Result "1-0"]
[WhiteElo "2585"]
[BlackElo "2525"]

1.d4 Nf6 2.c4 e6 3.Nf3 Bb4+ 4.Bd2 Qe7 5.g3 Nc6 6.Nc3 Bxc3 7.Bxc3 Ne4 8.Qc2 Nxc3
9.Qxc3 Qb4 10.Qxb4 Nxb4 11.Kd2 a5 12.Bg2 d6 13.a3 Nc6 14.d5 Ne7 15.Nd4 a4
16.Rhc1 Ra5 17.b4 axb3 18.Nxb3 Ra4 19.c5 e5 20.cxd6 cxd6 21.Ke1 f5 22.Nd2 e4
23.Nc4 Nxd5 24.Nxd6+ Kd7 25.Nxf5 g6 26.Bh3 Nb6 27.Ne3+ Kd8 28.Bxc8 Nxc8 29.Rc5 Rd4
30.Rac1 Nd6 31.Rc7 h5 32.Rg7 Re8 33.Rxg6 Re5 34.Nc2 Rdd5 35.Nb4 Rg5 36.Nxd5 Rxg6
37.Nf4 Rh6 38.h4 e3 39.Rd1 Kc8 40.Rd3 Nf5 41.Rd5  1-0

[Event "Petrov mem"]
[Site "St Petersburg"]
[Date "1996.??.??"]
[Round "8"]
[White "Krogius, Nikolai V"]
[Black "Kochyev, Alexander"]
[Result "1/2-1/2"]
[WhiteElo "2490"]
[BlackElo "2430"]

1.d4 Nf6 2.Nf3 e6 3.c4 Bb4+ 4.Bd2 Qe7 5.e3 O-O 6.Bxb4 Qxb4+ 7.Qd2 Qxd2+ 8.Nbxd2 d6
9.Be2 c5 10.O-O Nc6 11.dxc5  1/2-1/2

[Event "Petrov mem"]
[Site "St Petersburg"]
[Date "1996.??.??"]
[Round "9"]
[White "Zakharevich, Igor"]
[Black "Lugovoi, Aleksei"]
[Result "1-0"]
[WhiteElo "2435"]
[BlackElo "2470"]

1.d4 Nf6 2.c4 e6 3.Nf3 Bb4+ 4.Bd2 Qe7 5.g3 Nc6 6.Nc3 Bxc3 7.Bxc3 Ne4 8.Rc1 O-O
9.Bg2 d6 10.d5 Nxc3 11.Rxc3 Nd8 12.dxe6 Nxe6 13.O-O a5 14.Re1 Bd7 15.e4 Bc6
16.Rce3 a4 17.Qd2 Qf6 18.e5 dxe5 19.Nxe5 Rfd8 20.Bd5 Bxd5 21.cxd5 c6 22.d6 Qh6
23.Nxf7 Kxf7 24.Rf3+ Kg8 25.Qxh6 gxh6 26.Rxe6 Ra5 27.Rd3 Rd7 28.Rxh6 Re5
29.Rd2 b5 30.f4 Re4 31.f5 Re1+ 32.Kf2 Rh1 33.g4 b4 34.Re2 Kf8 35.Kg3 Rd1
36.Rf6+ Kg7 37.Re7+ Kxf6 38.Rxd7 Rd3+ 39.Kf4 Rd4+ 40.Kf3 h5 41.h3 Ke5 42.Re7+ Kxd6
43.Re6+ Kd5 44.g5 Rd1 45.Kf2 Rd2+ 46.Re2 Rd4 47.g6 Rf4+ 48.Kg1  1-0

[Event "Star Dojran"]
[Site "Star Dojran"]
[Date "1996.??.??"]
[Round "5"]
[White "Drazic, Sinisa"]
[Black "Drasko, Milan"]
[Result "1/2-1/2"]
[WhiteElo "2445"]
[BlackElo "2505"]

1.d4 e6 2.Nf3 Nf6 3.c4 Bb4+ 4.Bd2 c5 5.Bxb4 cxb4 6.g3 O-O 7.Bg2 d6 8.O-O a5
9.a3 Na6 10.Nbd2 Re8 11.Qc2 Bd7 12.Ng5 Bc6 13.Bxc6 bxc6 14.Nde4 Nxe4 15.Nxe4 d5
16.cxd5 exd5 17.Nc5 Nxc5 18.Qxc5 Rxe2 19.axb4 axb4 20.Rxa8  1/2-1/2

[Event "Star Dojran"]
[Site "Star Dojran"]
[Date "1996.??.??"]
[Round "6"]
[White "Cosma, Ioan"]
[Black "Zelcic, Robert"]
[Result "1-0"]
[WhiteElo "2420"]
[BlackElo "2495"]

1.d4 Nf6 2.Nf3 e6 3.c4 Bb4+ 4.Bd2 Qe7 5.g3 O-O 6.Bg2 Bxd2+ 7.Qxd2 d6 8.Nc3 e5
9.O-O Re8 10.e4 Bg4 11.d5 Bxf3 12.Bxf3 c6 13.Rfd1 Rd8 14.b4 a5 15.a3 g6 16.Rab1 axb4
17.axb4 cxd5 18.Nxd5 Nxd5 19.cxd5 Ra3 20.Bg4 h5 21.Bh3 Nd7 22.Qc1 Ra7 23.Qc7 Kf8
24.Rdc1 Nf6 25.Qb6 Ra6 26.Qe3 Rda8 27.Rc4 Kg7 28.Qc1 Ne8 29.b5 Ra2 30.b6 R8a3
31.Rc2 h4 32.Rxa2 Rxa2 33.Qc8 hxg3 34.hxg3 Ra5 35.Qd7 Qxd7 36.Bxd7 Nf6 37.Bc8 Nxe4
38.Bxb7 Nc5 39.Bc6 Na6 40.b7 Nb8 41.g4 Ra2 42.Kg2 f6 43.Rb3 Kh6 44.g5+ fxg5
45.Rf3 Kg7 46.Be8 e4 47.Rf7+ Kh6 48.Re7 Rb2 49.Bc6 Na6 50.Rxe4 Nc5 51.Re8  1-0

[Event "Stary Smokovec op"]
[Site "Stary Smokovec"]
[Date "1996.??.??"]
[Round "?"]
[White "Vavrak, Peter"]
[Black "Ostrowski, Leszek"]
[Result "1-0"]
[WhiteElo "2105"]
[BlackElo "2355"]

1.d4 Nf6 2.Nf3 e6 3.c4 Bb4+ 4.Bd2 a5 5.a3 Bxd2+ 6.Nbxd2 d6 7.e4 Qe7 8.Qc2 e5
9.Bd3 Nc6 10.d5 Nb8 11.O-O a4 12.c5 O-O 13.cxd6 cxd6 14.Bb5 Bg4 15.Rfc1 Na6
16.Bxa6 Rxa6 17.Qc7 Nd7 18.Rc3 f5 19.exf5 Bxf5 20.Qxb7 Rb6 21.Qa7 Rxb2 22.Rc7 e4
23.Nd4 Rxd2 24.Nxf5 Rxf5 25.Rxd7 Qg5 26.Rf1 h6 27.Rc7 Rfxd5 28.Qxa4 Qe5 29.Rc8+ Kh7
30.Re8 R5d4 31.Qa8 Qb5 32.Qc8 Qd5 33.h4 h5 34.g4 Kg6 35.Re6+ Kh7 36.g5  1-0

[Event "SUI-chT"]
[Site "SUI"]
[Date "1996.??.??"]
[Round "4"]
[White "Partos, Charles"]
[Black "Masserey, Yvan"]
[Result "1-0"]
[WhiteElo "2385"]
[BlackElo "2305"]

1.d4 Nf6 2.c4 e6 3.Nf3 Bb4+ 4.Bd2 Qe7 5.Nc3 Bxc3 6.Bxc3 Ne4 7.Qc2 Nxc3 8.Qxc3 d6
9.Rc1 O-O 10.c5 Bd7 11.g3 Bc6 12.Bg2 a5 13.O-O Be4 14.a3 Nc6 15.b3 e5 16.dxe5 dxe5
17.Qc4 Bf5 18.Rfd1 Rfd8 19.h4 h6 20.Kh2 Be6 21.Qc3 Bg4 22.b4 axb4 23.axb4 e4
24.Ng1 Bf5 25.f4 exf3 26.exf3 Rxd1 27.Rxd1 Ra2 28.Rd2 Rxd2 29.Qxd2 Ne5 30.Kh1 b6
31.Qe3 Qf6 32.Ne2 Bd7 33.Nd4 bxc5 34.bxc5 Nc4 35.Qe4 Qa6 36.c6 Qa1+ 37.Kh2 Bc8
38.Nb5 Ne5 39.Nxc7 Qc1 40.Qxe5  1-0

[Event "SWE-chT 9596"]
[Site "?"]
[Date "1996.??.??"]
[Round "?"]
[White "Barkhagen, Jonas"]
[Black "Sandstrom, Ludvig"]
[Result "1/2-1/2"]
[WhiteElo "2405"]
[BlackElo "2355"]

1.d4 Nf6 2.c4 e6 3.Nf3 Bb4+ 4.Bd2 Qe7 5.e3 O-O 6.Be2 d5 7.O-O dxc4 8.Bxc4 Nbd7
9.Ne5 Nxe5 10.dxe5 Nd5 11.Bc1 Rd8 12.Qg4 f5 13.exf6 Nxf6 14.Qe2 Kh8 15.a3 Bc5
16.Nc3 e5 17.b4 Bb6 18.Na4 Bf5 19.Bb2 c6 20.Nxb6 axb6 21.Rad1 Bg6 22.Rxd8+ Rxd8
23.Rd1 Re8 24.Qd2 b5 25.Be2 Bf7 26.f3 Nd5 27.e4 Nb6 28.Qe3 Qc7 29.Rd2  1/2-1/2

[Event "SWE-chT 9596"]
[Site "?"]
[Date "1996.??.??"]
[Round "?"]
[White "Bjork, Carl Magnus"]
[Black "Larsson, Per"]
[Result "1-0"]
[WhiteElo "2320"]
[BlackElo "2350"]

1.d4 Nf6 2.c4 e6 3.Nf3 Bb4+ 4.Bd2 Qe7 5.Nc3 O-O 6.e3 b6 7.Bd3 Bb7 8.O-O d5
9.cxd5 exd5 10.Rc1 a6 11.Ne5 Bd6 12.f4 c5 13.Qf3 Nbd7 14.Qh3 c4 15.Nxd7 cxd3
16.Nxf8 Rxf8 17.Qf3 Re8 18.Rcd1 a5 19.Rfe1 Bb4 20.Nb1 Ne4 21.a3 Bxd2 22.Nxd2 Nxd2
23.Rxd2 Qe4 24.Rc1 Ba6 25.Kf2 f5 26.Rc6 Rb8 27.b3 a4 28.bxa4 Bc4 29.Rb2 h6
30.Rcxb6 Rxb6 31.Rxb6 Qe8 32.Qd1 Qd8 33.a5 Qh4+ 34.Kg1 Qe7 35.Qc1 Kh7 36.h3 g5
37.a6 Qd8 38.a7 Qa8 39.Qb1  1-0

[Event "SWE-chT 9596"]
[Site "?"]
[Date "1996.??.??"]
[Round "?"]
[White "Sandstrom, Ludvig"]
[Black "Bergstrom, Christer"]
[Result "0-1"]
[WhiteElo "2355"]
[BlackElo "2420"]

1.d4 Nf6 2.c4 e6 3.Nf3 Bb4+ 4.Bd2 Qe7 5.g3 b6 6.Bg2 Bb7 7.O-O O-O 8.Bg5 h6
9.Bxf6 Qxf6 10.Qc2 Bxf3 11.Bxf3 Nc6 12.Bxc6 dxc6 13.Qe4 c5 14.a3 Ba5 15.Ra2 Rad8
16.e3 Rd6 17.b3 Rfd8 18.Rb2 cxd4 19.b4 dxe3 20.Re2 Bxb4 21.axb4 exf2+ 22.Rexf2 Qd4
23.Qxd4 Rxd4 24.Na3 f6 25.Rc2 c6 26.Rf3 e5 27.b5 e4 28.Re3 c5 29.Rf2 Rd1+
30.Kg2 R8d4 31.g4 Kf7 32.Rfe2 R1d3 33.Kg3 g6 34.Kf4 g5+ 35.Kg3 Kg6 36.Kf2 f5
37.gxf5+ Kxf5 38.Rxd3 exd3 39.Rd2 Ke4 40.Rd1 Rd7 41.Nb1 Kd4 42.Nd2 Kc3 43.Nf3 Re7
44.Rc1+ Kb2 45.Rd1 Kc2 46.Ra1 g4 47.Ne1+ Kc3 48.Ra3+ Kxc4 49.Nxd3 Kxb5 50.Nf4 c4
51.Kg3 Kb4 52.Ra1 Rd7 53.Kxg4 c3 54.Kh5 c2 55.Ne2 Rd2 56.Nc1 Rxh2+ 57.Kg4 a5  0-1

[Event "GEO-ch"]
[Site "Tbilisi"]
[Date "1996.??.??"]
[Round "?"]
[White "Kacheishvili, Giorgi"]
[Black "Dgebuadze, Alexandre"]
[Result "1/2-1/2"]
[WhiteElo "2460"]
[BlackElo "2470"]

1.d4 e6 2.Nf3 Nf6 3.c4 Bb4+ 4.Bd2 Qe7 5.g3 Nc6 6.Bg2 Bxd2+ 7.Nbxd2 d6 8.O-O e5
9.d5 Nb8 10.e4 a5 11.Ne1 O-O 12.f4 Na6 13.f5 c6 14.g4 Nd7 15.Rf2 Nac5 16.Bf1 Qg5
17.Qf3 Nf6 18.Rg2 Qf4 19.Qxf4 exf4 20.Nd3 Nfxe4 21.Nxf4 Bd7 22.Nxe4 Nxe4
23.Re1 Rfe8 24.Rge2 Nc5 25.Bg2 Rxe2 26.Rxe2 Kf8 27.Rd2 Ke7 28.Kf2 g6 29.f6+ Kxf6
30.dxc6 bxc6 31.Bxc6 Bxc6 32.Rxd6+ Ke5 33.Rxc6 Kxf4 34.Rxc5 Kxg4 35.Rd5 f5
36.c5 Rc8 37.Rd4+ f4 38.Rd5 h6 39.b3 g5 40.a3 Rb8 41.Rd3 Kf5 42.b4 Ke4 43.Rb3 Kd5
44.Kf3 axb4 45.axb4 Kc4 46.Rb1 Re8 47.Kg4 Rf8 48.h3 Kb5 49.Kf3 h5 50.Rg1  1/2-1/2

[Event "Tel Aviv Cup rapid"]
[Site "Tel Aviv"]
[Date "1996.??.??"]
[Round "1"]
[White "Alterman, Vladimir I"]
[Black "Kogan, Artur"]
[Result "0-1"]
[WhiteElo "2390"]
[BlackElo "2485"]

1.d4 Nf6 2.c4 e6 3.Nf3 Bb4+ 4.Bd2 a5 5.Nc3 d5 6.e3 O-O 7.Bd3 b6 8.O-O Ba6
9.Qe2 Nbd7 10.Rfd1 Qc8 11.Rac1 Qb7 12.a3 Bxc3 13.Bxc3 Ne4 14.Be1 a4 15.Qc2 c5
16.Bxe4 dxe4 17.Ng5 cxd4 18.Rxd4 Nc5 19.Nxe4 f5 20.Nxc5 bxc5 21.Rd6 f4 22.Rxe6 f3
23.gxf3 Qxf3 24.Qe4 Qh3 25.Re5 Rab8 26.Qg2 Qh6 27.Re7 Rb6 28.f4 Qf6 29.Re5 Bb7
30.Qg5  0-1

[Event "Tel Aviv Cup rapid"]
[Site "Tel Aviv"]
[Date "1996.??.??"]
[Round "4"]
[White "Har Zvi, Ronen"]
[Black "Psakhis, Lev"]
[Result "1/2-1/2"]
[WhiteElo "2510"]
[BlackElo "2610"]

1.Nf3 Nf6 2.d4 e6 3.c4 Bb4+ 4.Bd2 Qe7 5.g3 Nc6 6.Nc3 Bxc3 7.Bxc3 Ne4 8.Rc1 d6
9.d5 Nxc3 10.Rxc3 Nd8 11.dxe6 Nxe6 12.Bg2 O-O 13.O-O  1/2-1/2

[Event "Terrassa op"]
[Site "Terrassa"]
[Date "1996.??.??"]
[Round "9"]
[White "Aguirre, Pedro J"]
[Black "Gomez Jurado, Luis Alberto"]
[Result "0-1"]
[WhiteElo "2210"]
[BlackElo "2300"]

1.c4 e6 2.d4 Nf6 3.Nf3 Bb4+ 4.Bd2 c5 5.Nc3 cxd4 6.Nxd4 b6 7.e3 Bb7 8.Bd3 O-O
9.O-O Re8 10.a3 Bf8 11.e4 d6 12.Be3 Nbd7 13.f3 Rc8 14.Be2 d5 15.cxd5 exd5
16.Nf5 dxe4 17.Nb5 exf3 18.Bxf3 Bxf3 19.Qxf3 Ne5 20.Qg3 Ne4 21.Nh6+ Kh8 22.Qxe5 Rxe5
23.Nxf7+ Kg8 24.Nxd8 Rxb5 25.Ne6 Rxb2 26.Rf4 Nc3 27.Rf3 Re8 28.Nxf8 Rxf8
29.Rxf8+ Kxf8 30.Kf1 Rb1+ 31.Rxb1 Nxb1 32.a4 Na3 33.Ke2 Nc4 34.Bd4 g6 35.Kd3 Na5
36.Ke4 Ke7 37.Kd5 Kd7 38.Bf2 Nc6 39.g4 Ne7+ 40.Ke5 Ng8 41.Be3 Ne7 42.Bf2 Ng8
43.Be3 Ke7 44.Bg5+ Kf7 45.h3 a6 46.Kd6 b5 47.a5 Nf6 48.Kc6 Ne4 49.Be3 Ke6
50.Kb6 Kd5 51.Kxa6 Kc6 52.Ka7 b4 53.a6 b3 54.Bd4  0-1

[Event "CAN-ch"]
[Site "Toronto"]
[Date "1996.??.??"]
[Round "4"]
[White "Nickoloff, Bryon"]
[Black "Spraggett, Kevin"]
[Result "1/2-1/2"]
[WhiteElo "2410"]
[BlackElo "2530"]

1.d4 Nf6 2.c4 e6 3.Nf3 Bb4+ 4.Bd2 a5 5.g3 d6 6.Bg2 Nbd7 7.O-O e5 8.Be3 O-O
9.a3 exd4 10.Bxd4 Bc5 11.Nc3  1/2-1/2

[Event "Toscolano op"]
[Site "Toscolano"]
[Date "1996.??.??"]
[Round "4"]
[White "Lagrotteria, Salvatore"]
[Black "Sedina, Elena"]
[Result "0-1"]
[WhiteElo "2165"]
[BlackElo "2345"]

1.Nf3 Nf6 2.d4 e6 3.c4 Bb4+ 4.Bd2 Qe7 5.a3 Bxd2+ 6.Nbxd2 d6 7.Qc2 e5 8.dxe5 dxe5
9.e3 O-O 10.Bd3 a5 11.O-O Nbd7 12.Bf5 a4 13.Ng5 h6 14.Nge4 Nxe4 15.Nxe4 g6
16.Bxd7 Bxd7 17.Nc3 Bc6 18.Rad1 Rfd8 19.Rxd8+ Rxd8 20.Rd1 Rxd1+ 21.Qxd1 Kg7
22.Qc2 Qd7 23.h3 h5 24.e4 Qd4 25.Nd5 b6 26.Kh2 Bb7 27.h4 c6 28.Ne3 Bc8 29.Kg1 Be6
30.Qxa4 Qxe4 31.Qb4 b5 32.a4 Qb1+ 33.Kh2 bxa4 34.Qxa4 Qxb2 35.Qa5 Qd4 36.g3 Bxc4
37.Nxc4 Qxf2+ 38.Kh3 Qf1+ 39.Kh2 Qe2+ 40.Kh3 Qxc4 41.Qxe5+ Kh7 42.Kh2 Qd5
43.Qf4 c5 44.g4 hxg4 45.Qxg4 c4 46.Kg3 c3 47.Qf4 Qd3+  0-1